El declive de los fundamentos económicos de la paz : (Registro nro. 5007)
[ vista simple ]
| 000 -LEADER | |
|---|---|
| fixed length control field | 01368nam a2200265Ia 4500 |
| 003 - CONTROL NUMBER IDENTIFIER | |
| control field | OSt |
| 005 - DATE AND TIME OF LATEST TRANSACTION | |
| control field | 20200422133728.0 |
| 008 - FIXED-LENGTH DATA ELEMENTS--GENERAL INFORMATION | |
| fixed length control field | 191128s2005 ck gr 000 0dspa d |
| 020 ## - INTERNATIONAL STANDARD BOOK NUMBER | |
| International Standard Book Number | 9586169189 |
| 040 ## - CATALOGING SOURCE | |
| Original cataloging agency | CO-JMCR |
| Transcribing agency | CO-JMCR |
| 041 0# - LANGUAGE CODE | |
| Language code of text/sound track or separate title | spa |
| 082 04 - DEWEY DECIMAL CLASSIFICATION NUMBER | |
| Classification number | 303.66 / |
| Item number | V432d |
| 100 1# - MAIN ENTRY--PERSONAL NAME | |
| Personal name | Vela Obregozo, Bernardo, |
| Relator term | autor |
| 9 (RLIN) | 3400 |
| 245 13 - TITLE STATEMENT | |
| Title | El declive de los fundamentos económicos de la paz : |
| Remainder of title | de la conferencia de Bretton Woods al Consenso de Washington / |
| Statement of responsibility, etc. | Bernardo Vela Orbegozo |
| 250 ## - EDITION STATEMENT | |
| Edition statement | Primera edición |
| 260 ## - PUBLICATION, DISTRIBUTION, ETC. | |
| Place of publication, distribution, etc. | Bogotá : |
| Name of publisher, distributor, etc. | Universidad Externado de Colombia, |
| Date of publication, distribution, etc. | 2005 |
| 300 ## - PHYSICAL DESCRIPTION | |
| Extent | 198 páginas ; |
| Dimensions | 21 cm. |
| 504 ## - BIBLIOGRAPHY, ETC. NOTE | |
| Bibliography, etc. note | Bibliografía: páginas 153 - 198. |
| 505 ## - FORMATTED CONTENTS NOTE | |
| Formatted contents note | La paradoja del modelo de desarrollo de las Naciones Unidadas : internacionalización de la economía de mercado y humanización del desarrollo -- El declive de lo público y el impacto de la internacionalización de la economía de mercado en los países en vía |
| 520 ## - SUMMARY, ETC. | |
| Summary, etc. | El presente trabajo plantea las relaciones entre el modelo de desarrollo de la organización de las Naciones Unidas y la inestabilidad y la violencia que se suscitan en los países en vías de desarrollo, la hipótesis. |
| 650 14 - SUBJECT ADDED ENTRY--TOPICAL TERM | |
| Topical term or geographic name entry element | Paz |
| General subdivision | Aspectos económicos |
| 9 (RLIN) | 3401 |
| 650 24 - SUBJECT ADDED ENTRY--TOPICAL TERM | |
| Topical term or geographic name entry element | Cooperación económica |
| 9 (RLIN) | 3402 |
| 650 24 - SUBJECT ADDED ENTRY--TOPICAL TERM | |
| Topical term or geographic name entry element | Apertura económica Comercio exterior |
| 9 (RLIN) | 3403 |
| 942 ## - ADDED ENTRY ELEMENTS (KOHA) | |
| Source of classification or shelving scheme | Dewey Decimal Classification |
| Koha item type | Books |
| Withdrawn status | Lost status | Source of classification or shelving scheme | Materials specified (bound volume or other part) | Damaged status | Not for loan | Home library | Current library | Shelving location | Date acquired | Source of acquisition | Cost, normal purchase price | Total Checkouts | Full call number | Barcode | Date last seen | Copy number | Price effective from | Koha item type |
|---|---|---|---|---|---|---|---|---|---|---|---|---|---|---|---|---|---|---|
| Dewey Decimal Classification | Donación--15/04/2018-- | Biblioteca Pública José María del Castillo y Rada | Biblioteca Pública José María del Castillo y Rada | General Stacks | 11/28/2019 | Donación | 0.00 | 303.66 / V432d | 430001132 | 05/16/2024 | Ej.1 | 11/28/2019 | Books |